|
|
|
|
| LEADER |
02292nam a22004815i 4500 |
| 001 |
978-3-540-39689-5 |
| 003 |
DE-He213 |
| 005 |
20130524172644.0 |
| 007 |
cr nn 008mamaa |
| 008 |
110302s2007 gw | s |||| 0|eng d |
| 020 |
|
|
|a 9783540396895
|9 978-3-540-39689-5
|
| 024 |
7 |
|
|a 10.1007/978-3-540-39689-5
|2 doi
|
| 040 |
|
|
|d GrThAP
|
| 050 |
|
4 |
|a QP34-38
|
| 072 |
|
7 |
|a MFG
|2 bicssc
|
| 072 |
|
7 |
|a MED075000
|2 bisacsh
|
| 082 |
0 |
4 |
|a 612
|2 23
|
| 100 |
1 |
|
|a Amara, S.G.
|
| 245 |
1 |
0 |
|a Reviews of Physiology Biochemistry and Pharmacology
|h [electronic resource] /
|c edited by S.G. Amara, E. Bamberg, T. Gudermann, S.C. Hebert, R. Jahn, W.J. Lederer, R. Lill, A. Miyajima, S. Offermanns.
|
| 260 |
|
|
|a Berlin, Heidelberg :
|b Springer Berlin Heidelberg,
|c 2007.
|
| 300 |
|
|
|a IV, 140 p. 16 illus.
|b digital.
|
| 490 |
1 |
|
|a Reviews of Physiology Biochemistry and Pharmacology,
|x 0303-4240 ;
|v 157
|
| 505 |
0 |
|
|a Embryonic and Adult Stem-Cell Derived Cardiomyocytes: Lessons from in vitro Models.-Phylogenesis of Constitutively Formed Nitric Oxide in Non-Mammals -- Dimensions of Systems Biology -- Structures, Mechanism, Regulation and Evolution of Class III Nucleotidyl Cyclases.
|
| 520 |
|
|
|a E. Bettiol, S. Clement, K.H. Krause, and M.E. Jaconi: Embryonic and Adult Stem-Cell Derived Cardiomyocytes: Lessons from in vitro Models N. Toda, K. Ayajiki: Phylogenesis of Constitutively Formed Nitric Oxide in Non-Mammals S. Huang and J. Wikswo: Dimensions of Systems Biology S. C. Sinha and S.R. Sprang: Structures, Mechanism, Regulation and Evolution of Class III Nucleotidyl Cyclases
|
| 650 |
|
0 |
|a Medicine.
|
| 650 |
|
0 |
|a Human physiology.
|
| 650 |
1 |
4 |
|a Biomedicine.
|
| 650 |
2 |
4 |
|a Human Physiology.
|
| 700 |
1 |
|
|a Bamberg, E.
|
| 700 |
1 |
|
|a Gudermann, T.
|
| 700 |
1 |
|
|a Hebert, S.C.
|
| 700 |
1 |
|
|a Jahn, R.
|
| 700 |
1 |
|
|a Lederer, W.J.
|
| 700 |
1 |
|
|a Lill, R.
|
| 700 |
1 |
|
|a Miyajima, A.
|
| 700 |
1 |
|
|a Offermanns, S.
|
| 710 |
2 |
|
|a SpringerLink (Online service)
|
| 773 |
0 |
|
|t Springer eBooks
|
| 776 |
0 |
8 |
|i Printed edition:
|z 9783540396888
|
| 830 |
|
0 |
|a Reviews of Physiology Biochemistry and Pharmacology,
|x 0303-4240 ;
|v 157
|
| 856 |
4 |
0 |
|u http://dx.doi.org/10.1007/978-3-540-39689-5
|z Full Text via HEAL-Link
|
| 912 |
|
|
|a ZDB-2-SBL
|
| 950 |
|
|
|a Biomedical and Life Sciences (Springer-11642)
|